Partners in success : (Record no. 52365)

MARC details
000 -LEADER
fixed length control field 00952nam a22002537a 4500
005 - DATE AND TIME OF LATEST TRANSACTION
control field 20110511151039.0
008 - FIXED-LENGTH DATA ELEMENTS--GENERAL INFORMATION
fixed length control field 110511t xxu||||| |||| 00| 0 eng d
010 ## - LCCN (DPL NO)
LC control number ENG-102445
020 ## - INTERNATIONAL STANDARD BOOK NUMBER
International Standard Book Number 9788174467010
Terms of availability 795.00
035 ## - SYSTEM CONTROL NUMBER
System control number EN-85978
037 ## - SOURCE OF ACQUISITION
Source of stock number/acquisition DBAD/PUB
040 ## - CATALOGING SOURCE
Original cataloging agency dpl
Language of cataloging Eng
082 ## - DEWEY DECIMAL CLASSIFICATION NUMBER
Classification number 658.30954
100 ## - MAIN ENTRY--PERSONAL NAME
9 (RLIN) 25528
245 ## - TITLE STATEMENT
Title Partners in success :
Statement of responsibility, etc edited by Nina Muncherji, C.Gopalakrishnan [and] Upinder Dhar
Remainder of title strategic HR and entrepreneurship /
260 ## - PUBLICATION, DISTRIBUTION, ETC. (IMPRINT)
Place of publication, distribution, etc New Delhi
Name of publisher, distributor, etc Excel Books
Date of publication, distribution, etc 2009
270 ## - ADDRESS
Address A-45, Naraina, Phase-1
City New Delhi
Postal code 110028
300 ## - PHYSICAL DESCRIPTION
Extent xiv,730 p.
Dimensions 23cm (pbk)
500 ## - GENERAL NOTE
General note Includes bibliographical references
700 ## - ADDED ENTRY--PERSONAL NAME
Personal name Gopalakrishnan, C.
9 (RLIN) 28039
700 ## - ADDED ENTRY--PERSONAL NAME
Personal name Dhar, Upinder
9 (RLIN) 28040
942 ## - ADDED ENTRY ELEMENTS (KOHA)
Source of classification or shelving scheme Dewey Decimal Classification
Item type English Books
Classification part 658.30954
Call number suffix PAR
Holdings
Withdrawn status Lost status Source of classification or shelving scheme Damaged status Not for loan Collection code Home library Current library Date acquired Source of acquisition Cost, normal purchase price Total Checkouts Full call number Barcode Date last seen Copy number Cost, replacement price Koha item type
    Dewey Decimal Classification   Not For Loan Non-fiction D.B.Act.Division D.B.Act.Division 11/05/2011 DBAD/PUB 795.00   658.30954 PAR EN-85978 11/05/2011 1 795.00 English Books

© Delhi Public Library
Hit Counter
free hit counter